00825nam a2200253 i 4500001001100000003000500011005001700016008004100033020002600074040002500100082002000125100002700145245009400172264005400266300004600320336002100366337002500387338002300412500001900435504002600454650002600480651003900506700002600545C2-0279271PPAK20240619104305.0070424s2004 my a e | 1 eng d a9676906603qpaperback aPPAKbengcPPAKerda04223a303.34095950 aIsmail Noor, eauthor.10aEmpowerment : bThe Role of the Citizens /cauthored by ISMAIL NOOR, edited by ELINA NOOR 1aBatu Caves, Selangor : bThinker's Library,c2004 aix, 150 pages : billustrations ; c25 cm 2rdacontentatext 2rdamediaaunmediated 2rdacarrieravolume aIncludes index aBibliography: 139-14010aLeadership zMalaysia 0aMalaysia vPolitics and government0 aElina Noor, eeditor.